000 00646nam a22002537a 4500
003 UA-OsUOA
001 55179
007 ta
008 20080813b un ||||| |||| 00| 0 ukr d
100 _aКармазін В. А.
700 _aСавицька О. М.
090 _a336(075.8)
_bК24
942 _cBK
040 _aUA-OsUOA
_bukr
_cUA-OsUOA
_dUA-OsUOA
245 _aЕкономічний аналіз
_bПрактикум
300 _a255 с.
955 _a2
041 _aukr
080 _a336(075.8)
020 _a978-966-346-342-1
260 _aК.
_bЗнання
_c2007
650 7 _a336 Фінанси
_2UDC
999 _c341257
_d341257